000 00437 a2200145 4500
005 20250621090732.0
020 _a0-8247-9301-3
082 _aTEA LM 620 WAN
100 _aWANG, J. X.
245 _aWhat Every Engineering Should Know About : Risk Engineering and Management.
260 _aNew York,
_bMarcel Dekker,
_c2000.
300 _avii, 251p.: Ill.; figure, table
_bIndex
_c23cm
700 _aROUSH, M. L.
942 _2ddc
_cBKS
999 _c3160
_d3160